Castilla la nueva

Uloženo v:
Podrobná bibliografie
Hlavní autor: Gómez de la Serna, Gaspar (Autor)
Médium: Kniha
Jazyk:španělština
Vydáno: Barcelona, España Destino 1964
Edice:Guías de España
Témata:
Tagy: Přidat tag
Žádné tagy, Buďte první, kdo vytvoří štítek k tomuto záznamu!

MARC

LEADER 00000nam a2200000 a 4500
001 UCZ9142
003 CL-VaPUC
005 20210604001608.0
008 960301e19640000SP |||||||||||||||||spa|d
999 |c 244719  |d 244717 
040 |c Pontificia Universidad Católica de Valparaíso 
082 0 4 |a 946.464 GOM 1964  |2 21 
100 0 |a Gómez de la Serna, Gaspar  |e author  |9 354378 
245 1 0 |a Castilla la nueva 
260 |a Barcelona, España  |b Destino  |c 1964 
300 |a 596 páginas 
490 0 |a Guías de España 
583 |a last modification  |c 19960301 00:00:00  |k Rodrigo Vera 
650 0 |a Historia  |9 255047 
651 7 |a CASTILLA  |2 CL-VaPUC  |9 318548  |z ESPAÑA 
651 7 |a MADRID  |2 CL-VaPUC  |9 315914  |z ESPAÑA 
651 7 |a TOLEDO  |2 CL-VaPUC  |9 346326  |z ESPAÑA 
852 |a BIBCUR 
942 |c BK  |2 ddc 
945 |d 19960301 00:00:00  |a rleighto 
952 |0 0  |1 0  |2 ddc  |4 0  |6 946_464000000000000_GOM_1964  |7 0  |8 A  |9 258888  |a BIBHIS  |b BIBHIS  |d 2019-11-19  |i 3173224  |o 946.464 GOM 1964  |p 3173224  |r 2025-01-20  |t 1  |w 2019-11-19  |y BK  |k HIS